[Event "Muensterland Regionalliga 2526"]
[Site "Germany"]
[Date "2025.12.06"]
[Round "4"]
[Board "8"]
[White "Wensing, Jonathan"]
[Black "Leesing, Bernd"]
[Result "1-0"]
[WhiteElo "1621"]
[BlackElo "1507"]
[WhiteFideId "-1"]
[BlackFideId "-1"]
[PlyCount "69"]
[GameId "2095107615425779"]
[EventDate "2025.??.??"]
[EventType "team-tourn"]
[EventRounds "9"]
[EventCountry "GER"]
[SourceTitle "Verband Muensterland"]
[SourceDate "2025.09.21"]
[SourceVersion "1"]
[SourceVersionDate "2025.09.21"]
[SourceQuality "1"]
[WhiteTeam "Ahaus Wessum"]
[BlackTeam "Borken"]
[WhiteTeamCountry "GER"]
[BlackTeamCountry "GER"]

1. e4 c6 2. Nf3 d5 3. Nc3 dxe4 4. Nxe4 Bf5 5. Ng3 Bg6 6. h4 h6 7. Ne5 Bh7 8. Qh5 g6 9. Bc4 e6 10. Qe2 Bg7 11. Nxf7 Qe7 12. Nxh8 Bxh8 13. Qxe6 Qxe6+ 14. Bxe6 Na6 15. d3 Bg7 16. c3 Nc5 17. Bc4 b5 18. d4 Nb7 19. Bb3 Nf6 20. Bf4 Kd7 21. Be5 Re8 22. O-O-O Nd6 23. Rhe1 h5 24. Bxd6 Rxe1 25. Rxe1 Kxd6 26. Ne4+ Nxe4 27. Rxe4 Bh6+ 28. f4 a5 29. a3 Kd7 30. g3 g5 31. Re6 Bg7 32. hxg5 Bf5 33. Rh6 Bxh6 34. gxh6 Bh7 35. Bc2 1-0

[Event "Muensterland Regionalliga 2526"]
[Site "Germany"]
[Date "2025.12.06"]
[Round "4"]
[Board "1"]
[White "Wellen, Hendrik"]
[Black "Poelstra, Ben"]
[Result "1-0"]
[WhiteElo "1995"]
[BlackElo "1995"]
[WhiteFideId "-1"]
[BlackFideId "-1"]
[PlyCount "65"]
[GameId "2256474178392153"]
[EventDate "2025.??.??"]
[EventType "team-tourn"]
[EventRounds "9"]
[EventCountry "GER"]
[SourceTitle "Verband Muensterland"]
[SourceDate "2025.09.21"]
[SourceVersion "1"]
[SourceVersionDate "2025.09.21"]
[SourceQuality "1"]
[WhiteTeam "Heiden"]
[BlackTeam "Metelen"]
[WhiteTeamCountry "GER"]
[BlackTeamCountry "GER"]

1. d4 Nf6 2. c4 e6 3. Nc3 d5 4. cxd5 exd5 5. Bg5 Be7 6. e3 c6 7. Bd3 Bg4 8. Qc2 Bh5 9. Nge2 Bg6 10. Bxg6 hxg6 11. O-O Nbd7 12. f3 Nh5 13. Bxe7 Qxe7 14. e4 dxe4 15. fxe4 Nhf6 16. Rf3 O-O 17. e5 Nd5 18. Nxd5 cxd5 19. Raf1 Nb6 20. Nc3 Qb4 21. Qf2 Qe7 22. Nb5 Nc8 23. Rc1 f5 24. Nc7 Rb8 25. Nxd5 Qd7 26. Nf4 Ne7 27. Qe3 Rfd8 28. Qb3+ Kf8 29. Ne6+ Ke8 30. Nxg7+ Kf8 31. Ne6+ Ke8 32. Rh3 Qd5 33. Nc7+ 1-0

[Event "Muensterland Regionalliga 2526"]
[Site "Germany"]
[Date "2025.12.06"]
[Round "4"]
[Board "2"]
[White "Buijnsters, Floris"]
[Black "Leidig, Andreas"]
[Result "1-0"]
[WhiteElo "1925"]
[BlackElo "1897"]
[WhiteFideId "-1"]
[BlackFideId "-1"]
[PlyCount "79"]
[GameId "2257464324956579"]
[EventDate "2025.??.??"]
[EventType "team-tourn"]
[EventRounds "9"]
[EventCountry "GER"]
[SourceTitle "Verband Muensterland"]
[SourceDate "2025.09.21"]
[SourceVersion "1"]
[SourceVersionDate "2025.09.21"]
[SourceQuality "1"]
[WhiteTeam "Metelen"]
[BlackTeam "Heiden"]
[WhiteTeamCountry "GER"]
[BlackTeamCountry "GER"]

1. e4 c5 2. Nf3 d6 3. d4 cxd4 4. Nxd4 Nf6 5. Nc3 a6 6. f3 e5 7. Nb3 Be6 8. Be3 h5 9. Nd5 Bxd5 10. exd5 g6 11. c4 Bg7 12. Bd3 Nbd7 13. Be2 a5 14. a4 b6 15. Rb1 O-O 16. O-O Re8 17. Na1 Nc5 18. b3 h4 19. Nc2 Nh5 20. Qd2 Nf4 21. Rfe1 Qf6 22. g3 Nh5 23. Bg5 Bh6 24. Bxh6 hxg3 25. hxg3 Nxg3 26. Qg5 Nh5 27. Qxf6 Nxf6 28. Bg5 Nh5 29. Be3 e4 30. f4 Nd3 31. Bxd3 exd3 32. Nd4 Re4 33. Nb5 Nxf4 34. Nxd6 Nh3+ 35. Kh2 Rh4 36. Kg3 Rh5 37. Rh1 Rd8 38. Rxh3 Rxh3+ 39. Kxh3 Rxd6 40. Rd1 1-0

[Event "Muensterland Regionalliga 2526"]
[Site "Germany"]
[Date "2025.12.06"]
[Round "4"]
[Board "3"]
[White "Wigger, Niklas"]
[Black "Koch, Alexander"]
[Result "0-1"]
[WhiteElo "1858"]
[BlackElo "2006"]
[WhiteFideId "-1"]
[BlackFideId "-1"]
[PlyCount "58"]
[GameId "2256479266291754"]
[EventDate "2025.??.??"]
[EventType "team-tourn"]
[EventRounds "9"]
[EventCountry "GER"]
[SourceTitle "Verband Muensterland"]
[SourceDate "2025.09.21"]
[SourceVersion "1"]
[SourceVersionDate "2025.09.21"]
[SourceQuality "1"]
[WhiteTeam "Heiden"]
[BlackTeam "Metelen"]
[WhiteTeamCountry "GER"]
[BlackTeamCountry "GER"]

1. c4 Nf6 2. g3 g6 3. Bg2 Bg7 4. Nc3 d6 5. e4 c5 6. Nge2 Nc6 7. O-O O-O 8. d3 Rb8 9. h3 Bd7 10. Be3 a6 11. a4 h5 12. f4 Qc8 13. Kh2 Kh7 14. Qd2 Rh8 15. e5 dxe5 16. Bxc6 Bxc6 17. fxe5 Ng4+ 18. hxg4 hxg4 19. Nd5 e6 20. Ne7 Qe8 21. Bg5 Bxe5 22. Qe3 Kg7+ 23. Kg1 f6 24. Qxc5 Bf3 25. Rxf3 gxf3 26. Nf4 Qd7 27. Nxe6+ Qxe6 28. Bf4 Qh3 29. Kf2 Qg2+ 0-1

[Event "Muensterland Regionalliga 2526"]
[Site "Germany"]
[Date "2025.12.06"]
[Round "4"]
[Board "4"]
[White "Grotenhuis, Gerard"]
[Black "Wienen, Hermann"]
[Result "0-1"]
[WhiteElo "1741"]
[BlackElo "1875"]
[WhiteFideId "-1"]
[BlackFideId "-1"]
[PlyCount "62"]
[GameId "2256485227868212"]
[EventDate "2025.??.??"]
[EventType "team-tourn"]
[EventRounds "9"]
[EventCountry "GER"]
[SourceTitle "Verband Muensterland"]
[SourceDate "2025.09.21"]
[SourceVersion "1"]
[SourceVersionDate "2025.09.21"]
[SourceQuality "1"]
[WhiteTeam "Metelen"]
[BlackTeam "Heiden"]
[WhiteTeamCountry "GER"]
[BlackTeamCountry "GER"]

1. f4 d5 2. Nf3 Nf6 3. b3 c5 4. e3 Nc6 5. Bb2 e6 6. Bb5 Bd7 7. O-O Be7 8. c4 O-O 9. d3 a6 10. Bxc6 Bxc6 11. Ne5 Qc7 12. Nd2 dxc4 13. Nxc6 Qxc6 14. bxc4 Rad8 15. Nb3 b5 16. Rc1 Qd7 17. cxb5 Qxb5 18. Rc4 a5 19. Qc2 Nd5 20. e4 Ne3 21. Qc3 Bf6 22. Qxf6 gxf6 23. Rf3 e5 24. Rxe3 Rxd3 25. Rxd3 Qxc4 26. Rg3+ Kh8 27. fxe5 Qxe4 28. h3 Rg8 29. Rxg8+ Kxg8 30. exf6 Qb1+ 31. Bc1 c4 0-1

[Event "Muensterland Regionalliga 2526"]
[Site "Germany"]
[Date "2025.12.06"]
[Round "4"]
[Board "5"]
[White "Berger, Alfred"]
[Black "Wigger, Frank"]
[Result "1/2-1/2"]
[WhiteElo "1848"]
[BlackElo "1911"]
[WhiteFideId "-1"]
[BlackFideId "-1"]
[PlyCount "46"]
[GameId "2256487618777148"]
[EventDate "2025.??.??"]
[EventType "team-tourn"]
[EventRounds "9"]
[EventCountry "GER"]
[SourceTitle "Verband Muensterland"]
[SourceDate "2025.09.21"]
[SourceVersion "1"]
[SourceVersionDate "2025.09.21"]
[SourceQuality "1"]
[WhiteTeam "Heiden"]
[BlackTeam "Metelen"]
[WhiteTeamCountry "GER"]
[BlackTeamCountry "GER"]

1. Nf3 Nf6 2. c4 g6 3. b3 Bg7 4. Bb2 O-O 5. g3 d6 6. d4 Nbd7 7. Bg2 e5 8. e3 exd4 9. Bxd4 Qe7 10. O-O Ne5 11. Nbd2 Bf5 12. Nh4 Bg4 13. Qc2 c5 14. Bc3 Rad8 15. h3 Be6 16. e4 Nc6 17. Nhf3 Ne8 18. Bxg7 Nxg7 19. Qc3 f5 20. exf5 Nxf5 21. Rae1 Nfd4 22. Nxd4 Nxd4 23. Nf3 Nxf3+ 1/2-1/2

[Event "Muensterland Regionalliga 2526"]
[Site "Germany"]
[Date "2025.12.06"]
[Round "4"]
[Board "6"]
[White "Denkler, Juergen"]
[Black "Niewerth, Gerd"]
[Result "1/2-1/2"]
[WhiteElo "1784"]
[BlackElo "1838"]
[WhiteFideId "-1"]
[BlackFideId "-1"]
[PlyCount "88"]
[GameId "2256493005262918"]
[EventDate "2025.??.??"]
[EventType "team-tourn"]
[EventRounds "9"]
[EventCountry "GER"]
[SourceTitle "Verband Muensterland"]
[SourceDate "2025.09.21"]
[SourceVersion "1"]
[SourceVersionDate "2025.09.21"]
[SourceQuality "1"]
[WhiteTeam "Metelen"]
[BlackTeam "Heiden"]
[WhiteTeamCountry "GER"]
[BlackTeamCountry "GER"]

1. d4 Nf6 2. c4 g6 3. Nc3 Bg7 4. e4 d6 5. Nf3 O-O 6. Be2 Nc6 7. h3 e5 8. d5 Ne7 9. O-O Ne8 10. Bd2 f5 11. Rc1 f4 12. b4 h6 13. Kh2 g5 14. g3 Rf6 15. g4 Rg6 16. Kg2 Nf6 17. Ne1 Kf7 18. Nd3 a6 19. c5 h5 20. Rh1 Rh6 21. f3 Qh8 22. Qg1 Ng6 23. Be1 Bd7 24. cxd6 cxd6 25. Nb2 hxg4 26. hxg4 Rc8 27. Nc4 Ne8 28. Rxh6 Qxh6 29. Nb6 Rc7 30. Nxd7 Rxd7 31. b5 axb5 32. Nxb5 Bf6 33. Rc8 Nh4+ 34. Kf1 Ng6 35. Bb4 Be7 36. Rb8 Qh3+ 37. Qg2 Qh6 38. Ke1 Nh4 39. Qf2 Ng6 40. Qa7 Qh1+ 41. Kd2 Qb1 42. Qa3 Nh4 43. Rc8 Qg1 44. Qc3 Ng2 1/2-1/2

[Event "Muensterland Regionalliga 2526"]
[Site "Germany"]
[Date "2025.12.06"]
[Round "4"]
[Board "7"]
[White "Meis, Jonas"]
[Black "Bueckers, Bernhard"]
[Result "1-0"]
[WhiteElo "1754"]
[BlackElo "1698"]
[WhiteFideId "-1"]
[BlackFideId "-1"]
[PlyCount "33"]
[GameId "2256499173142610"]
[EventDate "2025.??.??"]
[EventType "team-tourn"]
[EventRounds "9"]
[EventCountry "GER"]
[SourceTitle "Verband Muensterland"]
[SourceDate "2025.09.21"]
[SourceVersion "1"]
[SourceVersionDate "2025.09.21"]
[SourceQuality "1"]
[WhiteTeam "Heiden"]
[BlackTeam "Metelen"]
[WhiteTeamCountry "GER"]
[BlackTeamCountry "GER"]

1. d4 d5 2. Bf4 Nf6 3. e3 e6 4. Bd3 Be7 5. Nd2 O-O 6. Ngf3 Nbd7 7. c3 Re8 8. Ne5 Nf8 9. O-O Ng6 10. Bg3 c6 11. h4 Ne4 12. Nxe4 Nxe5 13. dxe5 dxe4 14. Bxe4 Bxh4 15. Qh5 Bxg3 16. Bxh7+ Kf8 17. fxg3 1-0

[Event "Muensterland Regionalliga 2526"]
[Site "Germany"]
[Date "2025.12.06"]
[Round "4"]
[Board "8"]
[White "Gravenkoetter, Christian"]
[Black "Dolle, Stefan"]
[Result "0-1"]
[WhiteElo "1658"]
[BlackElo "1767"]
[WhiteFideId "-1"]
[BlackFideId "-1"]
[PlyCount "90"]
[GameId "2256499952287834"]
[EventDate "2025.??.??"]
[EventType "team-tourn"]
[EventRounds "9"]
[EventCountry "GER"]
[SourceTitle "Verband Muensterland"]
[SourceDate "2025.09.21"]
[SourceVersion "1"]
[SourceVersionDate "2025.09.21"]
[SourceQuality "1"]
[WhiteTeam "Metelen"]
[BlackTeam "Heiden"]
[WhiteTeamCountry "GER"]
[BlackTeamCountry "GER"]

1. e4 c5 2. Nf3 d6 3. Bb5+ Bd7 4. Bxd7+ Nxd7 5. d4 cxd4 6. Nxd4 Ngf6 7. Qe2 g6 8. Nc3 Bg7 9. Be3 O-O 10. O-O Rc8 11. Rad1 a6 12. f3 Qc7 13. Rd3 Ne5 14. Rdd1 Nc4 15. Rb1 Rfd8 16. Nd1 d5 17. Bf2 dxe4 18. fxe4 Nxe4 19. c3 Ned2 20. Ne3 Nxb1 21. Rxb1 Bxd4 22. cxd4 Rxd4 23. Rc1 Qe5 24. b3 Nd6 25. Rxc8+ Nxc8 26. Qc2 Rd8 27. h3 Qa1+ 28. Kh2 Qe5+ 29. Kg1 b5 30. Ng4 Qa1+ 31. Kh2 Qd1 32. Qc3 f6 33. Qe3 Qd6+ 34. Bg3 e5 35. Qh6 Rd7 36. Bh4 Rf7 37. Qe3 Rf8 38. Qh6 Ne7 39. Qe3 Nf5 40. Nh6+ Nxh6 41. Qxh6 e4+ 42. Bg3 Qe6 43. Qe3 Rd8 44. Bf4 g5 45. Bxg5 Rd3 0-1

[Event "Muensterland Regionalliga 2526"]
[Site "Germany"]
[Date "2026.01.10"]
[Round "5"]
[Board "1"]
[White "Lemli, Thomas"]
[Black "Kamphuis, Jasper"]
[Result "1-0"]
[WhiteElo "1965"]
[BlackElo "2102"]
[WhiteFideId "-1"]
[BlackFideId "-1"]
[PlyCount "151"]
[GameId "2269794863785526"]
[EventDate "2025.??.??"]
[EventType "team-tourn"]
[EventRounds "9"]
[EventCountry "GER"]
[SourceTitle "Verband Muensterland"]
[SourceDate "2025.09.21"]
[SourceVersion "1"]
[SourceVersionDate "2025.09.21"]
[SourceQuality "1"]
[WhiteTeam "Emsdetten Rochade"]
[BlackTeam "Gronau"]
[WhiteTeamCountry "GER"]
[BlackTeamCountry "GER"]

1. Nf3 d5 2. e3 c5 3. b3 Nc6 4. Bb2 Nf6 5. Bb5 Bg4 6. h3 Bh5 7. g4 Bg6 8. Ne5 Qc7 9. Bxc6+ bxc6 10. d3 Nd7 11. Nxg6 hxg6 12. c4 e5 13. Qf3 e4 14. Qe2 Ne5 15. dxe4 dxe4 16. Nc3 Nd3+ 17. Kd1 O-O-O 18. Kc2 Nb4+ 19. Kb1 f5 20. f3 Qg3 21. fxe4 fxg4 22. a3 Nd3 23. Ka2 Nxb2 24. Kxb2 gxh3 25. Rag1 Qe5 26. Rxg6 Be7 27. Rxc6+ Kb7 28. Rg6 Bf6 29. Rxf6 Qxf6 30. Kc2 Rdf8 31. Rh2 Qf3 32. Qd2 Rd8 33. Nd5 Qxe4+ 34. Kb2 Rhf8 35. Rxh3 Qe5+ 36. Ka2 Rf1 37. Qb2 Qg5 38. Rh2 Rg1 39. Rf2 a5 40. Qd2 Qg6 41. Qb2 Rh8 42. Nf4 Qe4 43. Ne2 Rg6 44. Qd2 Rd8 45. Qxd8 Qc2+ 46. Ka1 Rg1+ 47. Nxg1 Qxf2 48. Qe7+ Ka8 49. Qe4+ Ka7 50. Nf3 Qf1+ 51. Kb2 Qe2+ 52. Kc3 Qa2 53. Qe7+ Ka8 54. Qf8+ Ka7 55. Qxg7+ Ka8 56. Qf8+ Kb7 57. Qe7+ Ka8 58. Qd8+ Kb7 59. Qd7+ Ka8 60. Qc8+ Ka7 61. Qxc5+ Kb7 62. Qb5+ Kc8 63. Qc5+ Kd7 64. Nd4 Qa1+ 65. Kd3 Qf1+ 66. Kd2 Qf2+ 67. Ne2 Qf1 68. Qd5+ Ke8 69. c5 Qb1 70. c6 Qb2+ 71. Ke1 Qa1+ 72. Kf2 Qf6+ 73. Nf4 Qh4+ 74. Ke2 Qh2+ 75. Kd3 Ke7 76. c7 1-0

[Event "Muensterland Regionalliga 2526"]
[Site "Germany"]
[Date "2026.01.10"]
[Round "5"]
[Board "2"]
[White "Monsma, Menno"]
[Black "Delere, Adrian"]
[Result "1-0"]
[WhiteElo "2091"]
[BlackElo "1823"]
[WhiteFideId "-1"]
[BlackFideId "-1"]
[PlyCount "40"]
[GameId "2269794863793720"]
[EventDate "2025.??.??"]
[EventType "team-tourn"]
[EventRounds "9"]
[EventCountry "GER"]
[SourceTitle "Verband Muensterland"]
[SourceDate "2025.09.21"]
[SourceVersion "1"]
[SourceVersionDate "2025.09.21"]
[SourceQuality "1"]
[WhiteTeam "Gronau"]
[BlackTeam "Emsdetten Rochade"]
[WhiteTeamCountry "GER"]
[BlackTeamCountry "GER"]

1. e4 e5 2. Nf3 Nc6 3. Bb5 Nf6 4. d3 Bc5 5. O-O d6 6. c3 a6 7. Ba4 b5 8. Bc2 Bg4 9. b4 Nxb4 10. Bb3 Nc6 11. h3 Bxf3 12. Qxf3 Nd4 13. Qd1 Nxb3 14. axb3 h6 15. b4 Bb6 16. Nd2 a5 17. bxa5 Bxa5 18. Qb3 O-O 19. Ra3 Qd7 20. Qa2 Qc6 1-0

[Event "Muensterland Regionalliga 2526"]
[Site "Germany"]
[Date "2026.01.10"]
[Round "5"]
[Board "3"]
[White "Ll, David"]
[Black "Reckzuegel, Philipp"]
[Result "0-1"]
[WhiteElo "1793"]
[BlackElo "1998"]
[WhiteFideId "-1"]
[BlackFideId "-1"]
[PlyCount "62"]
[GameId "2269794863793722"]
[EventDate "2025.??.??"]
[EventType "team-tourn"]
[EventRounds "9"]
[EventCountry "GER"]
[SourceTitle "Verband Muensterland"]
[SourceDate "2025.09.21"]
[SourceVersion "1"]
[SourceVersionDate "2025.09.21"]
[SourceQuality "1"]
[WhiteTeam "Emsdetten Rochade"]
[BlackTeam "Gronau"]
[WhiteTeamCountry "GER"]
[BlackTeamCountry "GER"]

1. d4 Nf6 2. Nf3 e6 3. c4 d5 4. g3 c6 5. Bg2 Nbd7 6. O-O Bd6 7. Qc2 O-O 8. Nbd2 Re8 9. e4 dxe4 10. Ng5 e5 11. Ndxe4 Bc7 12. Rd1 Nxe4 13. Bxe4 h6 14. Bh7+ Kf8 15. Nxf7 Kxf7 16. Bg6+ Kg8 17. Bxe8 Qxe8 18. d5 cxd5 19. cxd5 Bd6 20. Be3 Nf6 21. Bc5 Bxc5 22. Qxc5 Bg4 23. Re1 Bf3 24. d6 Qd7 25. Rxe5 Rc8 26. Qb5 Qxd6 27. Re3 Bc6 28. Qc4+ Kh8 29. Rd3 Qf8 30. Qd4 Ne4 31. Re1 Ng5 0-1

[Event "Muensterland Regionalliga 2526"]
[Site "Germany"]
[Date "2026.01.10"]
[Round "5"]
[Board "4"]
[White "Hoge, Torsten"]
[Black "Nordholt, Uwe"]
[Result "1-0"]
[WhiteElo "1931"]
[BlackElo "1766"]
[WhiteFideId "-1"]
[BlackFideId "-1"]
[PlyCount "79"]
[GameId "2269794863793724"]
[EventDate "2025.??.??"]
[EventType "team-tourn"]
[EventRounds "9"]
[EventCountry "GER"]
[SourceTitle "Verband Muensterland"]
[SourceDate "2025.09.21"]
[SourceVersion "1"]
[SourceVersionDate "2025.09.21"]
[SourceQuality "1"]
[WhiteTeam "Gronau"]
[BlackTeam "Emsdetten Rochade"]
[WhiteTeamCountry "GER"]
[BlackTeamCountry "GER"]

1. d4 Nf6 2. Bf4 e6 3. e3 d5 4. Nd2 Bd6 5. Bg3 h5 6. Ngf3 Bxg3 7. hxg3 Nbd7 8. Ne5 c6 9. Bd3 Qc7 10. Ndf3 c5 11. c3 c4 12. Bc2 b5 13. g4 h4 14. g5 Ne4 15. Nxd7 Bxd7 16. Bxe4 dxe4 17. Nd2 Qb7 18. b3 cxb3 19. axb3 a5 20. Kf1 Ke7 21. Qg4 Bc6 22. Rxh4 a4 23. b4 Bd5 24. Ra3 Rac8 25. Qh3 Qa8 26. g3 Rhg8 27. Rh7 Rc6 28. Qh4 Qc8 29. g6+ f6 30. Nxe4 Bxe4 31. Qxe4 Rxc3 32. Rxc3 Qxc3 33. Qb7+ Kd6 34. Rxg7 Rxg7 35. Qxg7 Qd3+ 36. Kg2 a3 37. Qf8+ Kd5 38. Qc5+ Ke4 39. g7 Qe2 40. Qc6+ 1-0

[Event "Muensterland Regionalliga 2526"]
[Site "Germany"]
[Date "2026.01.10"]
[Round "5"]
[Board "5"]
[White "Hussein, Zaman"]
[Black "Luetkehermoelle, Martin"]
[Result "1/2-1/2"]
[WhiteElo "1746"]
[BlackElo "1927"]
[WhiteFideId "-1"]
[BlackFideId "-1"]
[PlyCount "157"]
[GameId "2269794863793726"]
[EventDate "2025.??.??"]
[EventType "team-tourn"]
[EventRounds "9"]
[EventCountry "GER"]
[SourceTitle "Verband Muensterland"]
[SourceDate "2025.09.21"]
[SourceVersion "1"]
[SourceVersionDate "2025.09.21"]
[SourceQuality "1"]
[WhiteTeam "Emsdetten Rochade"]
[BlackTeam "Gronau"]
[WhiteTeamCountry "GER"]
[BlackTeamCountry "GER"]

1. e4 c5 2. Nf3 Nc6 3. d4 cxd4 4. Nxd4 Nf6 5. Nxc6 bxc6 6. Bd3 e5 7. c4 Bc5 8. O-O h6 9. Nc3 O-O 10. Qf3 d6 11. Be3 Bg4 12. Qg3 Bxe3 13. Qxe3 Rb8 14. f3 Be6 15. b3 Qb6 16. Qxb6 Rxb6 17. Rfd1 Rb7 18. Bc2 Ne8 19. Rd2 g6 20. Rad1 Kg7 21. Na4 c5 22. Nc3 a6 23. Kf2 Rb6 24. Ke3 f5 25. g3 f4+ 26. gxf4 Rxf4 27. Ne2 Rh4 28. Ng3 Kf7 29. Rf2 g5 30. Rb1 Ke7 31. Bd3 Nc7 32. a3 a5 33. Rfb2 Kd7 34. Rf2 Bh3 35. Kd2 Ne6 36. Ne2 Nf4 37. Nxf4 Rxf4 38. Ke3 Rf8 39. Rfb2 Kc6 40. Be2 Rb7 41. Rg1 Be6 42. Kd3 Rf4 43. Ke3 Rh4 44. Rg2 Bh3 45. Rg1 Be6 46. Rg2 Bf7 47. Rf2 Bh5 48. Kd3 Rf4 49. Ke3 Rbf7 50. Bd1 R4f6 51. Rbd2 Rf4 52. Rb2 Rf8 53. Rbd2 Rb8 54. Rb2 Rh4 55. Kd3 Rh3 56. Rf1 Rf8 57. Rbf2 g4 58. Ke3 gxf3 59. Rg1 Rf4 60. Rg3 Rfh4 61. Rxh3 Rxh3 62. Bc2 Rh4 63. Bd3 Kd7 64. Bc2 Ke6 65. Bd1 Rh3 66. Bc2 Rh4 67. Bd1 Ke7 68. Bc2 Rh3 69. Bd1 Bg4 70. Bc2 Kd7 71. Bd1 Kc6 72. Bc2 Be6 73. Bd3 Bg4 74. Bb1 Bh5 75. Bc2 Kb6 76. Bd1 Kc7 77. Bc2 Kd8 78. Bd3 Ke7 79. Bf1 1/2-1/2

[Event "Muensterland Regionalliga 2526"]
[Site "Germany"]
[Date "2026.01.10"]
[Round "5"]
[Board "6"]
[White "Langendijk, Andre"]
[Black "Cremann, Jannis"]
[Result "0-1"]
[WhiteElo "1859"]
[BlackElo "1661"]
[WhiteFideId "-1"]
[BlackFideId "-1"]
[PlyCount "34"]
[GameId "2269794863793728"]
[EventDate "2025.??.??"]
[EventType "team-tourn"]
[EventRounds "9"]
[EventCountry "GER"]
[SourceTitle "Verband Muensterland"]
[SourceDate "2025.09.21"]
[SourceVersion "1"]
[SourceVersionDate "2025.09.21"]
[SourceQuality "1"]
[WhiteTeam "Gronau"]
[BlackTeam "Emsdetten Rochade"]
[WhiteTeamCountry "GER"]
[BlackTeamCountry "GER"]

1. c4 c5 2. Nc3 Nf6 3. g3 e6 4. Bg2 Nc6 5. d3 d5 6. cxd5 exd5 7. Bg5 Be6 8. Nf3 h6 9. Bxf6 Qxf6 10. O-O Be7 11. Qb3 O-O 12. Qxb7 Rfc8 13. Nd2 Rab8 14. Qa6 Rxb2 15. Bxd5 Nb4 16. Qc4 Nxd5 17. Nde4 Qe5 0-1

[Event "Muensterland Regionalliga 2526"]
[Site "Germany"]
[Date "2026.01.10"]
[Round "5"]
[Board "7"]
[White "Wehmeier, Sven"]
[Black "Rothkegel, Juergen"]
[Result "0-1"]
[WhiteElo "1802"]
[BlackElo "1880"]
[WhiteFideId "-1"]
[BlackFideId "-1"]
[PlyCount "72"]
[GameId "2269794863793730"]
[EventDate "2025.??.??"]
[EventType "team-tourn"]
[EventRounds "9"]
[EventCountry "GER"]
[SourceTitle "Verband Muensterland"]
[SourceDate "2025.09.21"]
[SourceVersion "1"]
[SourceVersionDate "2025.09.21"]
[SourceQuality "1"]
[WhiteTeam "Emsdetten Rochade"]
[BlackTeam "Gronau"]
[WhiteTeamCountry "GER"]
[BlackTeamCountry "GER"]

1. e4 c5 2. Nf3 d6 3. d4 cxd4 4. Nxd4 Nf6 5. Nc3 a6 6. a4 e5 7. Nf3 Be7 8. h3 h6 9. Bc4 O-O 10. O-O Be6 11. Qe2 Qc8 12. Nd5 Nxd5 13. Bxd5 Bxd5 14. exd5 f5 15. c4 Nd7 16. Nd2 Qe8 17. a5 Bf6 18. Ra3 e4 19. Rb3 Nc5 20. Rb6 Qd7 21. Nb3 Nd3 22. f3 Bd8 23. fxe4 Bxb6+ 24. axb6 Nxc1 25. Nxc1 fxe4 26. Rxf8+ Rxf8 27. Qxe4 Re8 28. Qh4 Qf5 29. Qf2 Qe4 30. Qf1 Qd4+ 31. Kh1 Qd2 32. Nd3 Re3 33. Qf5 Qxd3 34. Qc8+ Kh7 35. Qxb7 Re1+ 36. Kh2 Qe4 0-1

[Event "Muensterland Regionalliga 2526"]
[Site "Germany"]
[Date "2026.01.10"]
[Round "5"]
[Board "8"]
[White "Storck, Martin"]
[Black "Noering, Andreas"]
[Result "1/2-1/2"]
[WhiteElo "1846"]
[BlackElo "1793"]
[WhiteFideId "-1"]
[BlackFideId "-1"]
[PlyCount "32"]
[GameId "2269794863793732"]
[EventDate "2025.??.??"]
[EventType "team-tourn"]
[EventRounds "9"]
[EventCountry "GER"]
[SourceTitle "Verband Muensterland"]
[SourceDate "2025.09.21"]
[SourceVersion "1"]
[SourceVersionDate "2025.09.21"]
[SourceQuality "1"]
[WhiteTeam "Gronau"]
[BlackTeam "Emsdetten Rochade"]
[WhiteTeamCountry "GER"]
[BlackTeamCountry "GER"]

1. c4 f5 2. Nc3 Nf6 3. d4 g6 4. g3 Bg7 5. Bg2 d6 6. Nf3 O-O 7. O-O Nbd7 8. Ng5 Nb6 9. Qb3 c5 10. dxc5 dxc5 11. Rd1 Qc7 12. Nb5 Qb8 13. Be3 h6 14. Bxc5 hxg5 15. Bxe7 Be6 16. Bd6 Bxc4 1/2-1/2

[Event "Muensterland Regionalliga 2526"]
[Site "Germany"]
[Date "2026.01.10"]
[Round "5"]
[Board "1"]
[White "Kipp, Lucas"]
[Black "Averkamp Peters, Jens"]
[Result "1/2-1/2"]
[WhiteElo "2013"]
[BlackElo "2014"]
[WhiteFideId "-1"]
[BlackFideId "-1"]
[PlyCount "30"]
[GameId "2264887149502245"]
[EventDate "2025.??.??"]
[EventType "team-tourn"]
[EventRounds "9"]
[EventCountry "GER"]
[SourceTitle "Verband Muensterland"]
[SourceDate "2025.09.21"]
[SourceVersion "1"]
[SourceVersionDate "2025.09.21"]
[SourceQuality "1"]
[WhiteTeam "Saerbeck"]
[BlackTeam "Rheine Klein Berlin"]
[WhiteTeamCountry "GER"]
[BlackTeamCountry "GER"]

1. e4 d5 2. exd5 Nf6 3. Nc3 c6 4. d4 cxd5 5. Bb5+ Bd7 6. Bxd7+ Nbxd7 7. Nf3 e6 8. O-O Rc8 9. Ne2 Bd6 10. c3 O-O 11. Bf4 Qc7 12. Bxd6 Qxd6 13. Ng3 b5 14. a3 a5 15. Qe2 b4 1/2-1/2